000 00333nam a22001217a 4500
008 190314b xxu||||| |||| 00| 0 eng d
041 _aeng
080 _a043.3
100 _a0
101 _aARK-BA
245 _aDizajnimi i Objektit banesor dhe afarist me theks ne organizimin e hapesirave te brendshme
_cMemeti, B
942 _2udc
_cBK
999 _c54819
_d54819